[Event "British Rapidplay Championship 2023"]
[Site "Mercure Bradford, Bankfield Hotel"]
[Date "2023.04.15"]
[Round "6.2"]
[White "May, Paul"]
[Black "Khoury, Theo"]
[Result "0-1"]
[TimeControl "All moves in 15 minutes plus 10 second increment per move from move 1"]
[WhiteElo "1860"]
[BlackElo "1990"]

1. d4 {[%clk 00:15:17]} {[%emt 00:00:03]} d5 {[%clk 00:15:19]} {[%emt
00:00:01]} 2. c4 {[%clk 00:15:26]} {[%emt 00:00:01]} dxc4 {[%clk 00:15:28]}
{[%emt 00:00:02]} 3. Nc3 {[%clk 00:15:33]} {[%emt 00:00:02]} a6 {[%clk
00:15:35]} {[%emt 00:00:04]} 4. a4 {[%clk 00:15:23]} {[%emt 00:00:19]} e6
{[%clk 00:15:23]} {[%emt 00:00:22]} 5. e3 {[%clk 00:15:27]} {[%emt 00:00:07]}
Nf6 {[%clk 00:15:27]} {[%emt 00:00:05]} 6. Bxc4 {[%clk 00:15:26]} {[%emt
00:00:11]} c5 {[%clk 00:15:36]} {[%emt 00:00:02]} 7. Nf3 {[%clk 00:15:07]}
{[%emt 00:00:28]} Nc6 {[%clk 00:15:44]} {[%emt 00:00:02]} 8. O-O {[%clk
00:12:43]} {[%emt 00:02:34]} cxd4 {[%clk 00:15:52]} {[%emt 00:00:02]} 9. Nxd4
{[%clk 00:12:49]} {[%emt 00:00:04]} Nxd4 {[%clk 00:16:00]} {[%emt 00:00:03]} 10.
Qxd4 {[%clk 00:12:50]} {[%emt 00:00:08]} Qxd4 {[%clk 00:16:08]} {[%emt
00:00:03]} 11. exd4 {[%clk 00:12:58]} {[%emt 00:00:02]} Bb4 {[%clk 00:16:09]}
{[%emt 00:00:08]} 12. d5 {[%clk 00:08:57]} {[%emt 00:04:12]} Bxc3 {[%clk
00:15:56]} {[%emt 00:00:22]} 13. dxe6 {[%clk 00:09:01]} {[%emt 00:00:06]} Bb4
{[%clk 00:14:53]} {[%emt 00:01:14]} 14. exf7+ {[%clk 00:09:06]} {[%emt
00:00:04]} Kf8 {[%clk 00:15:02]} {[%emt 00:00:01]} 15. Rd1 {[%clk 00:07:27]}
{[%emt 00:01:48]} Bg4 {[%clk 00:15:02]} {[%emt 00:00:11]} 16. f3 {[%clk
00:06:13]} {[%emt 00:01:24]} Bh5 {[%clk 00:15:05]} {[%emt 00:00:06]} 17. Bg5
{[%clk 00:04:38]} {[%emt 00:01:46]} Bxf7 {[%clk 00:15:05]} {[%emt 00:00:10]} 18.
Be2 {[%clk 00:03:49]} {[%emt 00:00:58]} Ke7 {[%clk 00:14:48]} {[%emt 00:00:28]}
19. g3 {[%clk 00:03:14]} {[%emt 00:00:45]} Rhd8 {[%clk 00:14:52]} {[%emt
00:00:06]} 20. Rac1 {[%clk 00:02:12]} {[%emt 00:01:12]} Rac8 {[%clk 00:14:40]}
{[%emt 00:00:23]} 21. Rxc8 {[%clk 00:01:13]} {[%emt 00:01:09]} Rxc8 {[%clk
00:14:48]} {[%emt 00:00:01]} 22. Kg2 {[%clk 00:00:52]} {[%emt 00:00:31]} Rc2
{[%clk 00:14:53]} {[%emt 00:00:05]} 23. Kf1 {[%clk 00:00:38]} {[%emt 00:00:24]}
Rxb2 {[%clk 00:14:54]} {[%emt 00:00:09]} 24. Rc1 {[%clk 00:00:27]} {[%emt
00:00:20]} Bd6 {[%clk 00:14:35]} {[%emt 00:00:30]} 25. Be3 {[%clk 00:00:16]}
{[%emt 00:00:21]} Bb3 {[%clk 00:14:36]} {[%emt 00:00:08]} 26. Bd4 {[%clk
00:00:21]} {[%emt 00:00:06]} Rd2 {[%clk 00:14:07]} {[%emt 00:00:39]} 27. Bc3
{[%clk 00:00:20]} {[%emt 00:00:12]} Rc2 {[%clk 00:14:11]} {[%emt 00:00:05]} 28.
Rxc2 {[%clk 00:00:26]} {[%emt 00:00:04]} Bxc2 {[%clk 00:14:19]} {[%emt
00:00:02]} 29. a5 {[%clk 00:00:34]} {[%emt 00:00:03]} Kd7 {[%clk 00:14:18]}
{[%emt 00:00:11]} 30. Ke1 {[%clk 00:00:32]} {[%emt 00:00:12]} Kc6 {[%clk
00:14:21]} {[%emt 00:00:06]} 31. Kd2 {[%clk 00:00:39]} {[%emt 00:00:03]} Ba4
{[%clk 00:14:29]} {[%emt 00:00:02]} 32. Kc1 {[%clk 00:00:35]} {[%emt 00:00:14]}
Bb5 {[%clk 00:14:38]} {[%emt 00:00:02]} 33. Bd1 {[%clk 00:00:42]} {[%emt
00:00:02]} b6 {[%clk 00:14:23]} {[%emt 00:00:26]} 34. axb6 {[%clk 00:00:49]}
{[%emt 00:00:03]} Kxb6 {[%clk 00:14:30]} {[%emt 00:00:02]} 35. Bc2 {[%clk
00:00:58]} h6 {[%clk 00:14:33]} {[%emt 00:00:08]} 36. Kd2 {[%clk 00:00:24]}
{[%emt 00:00:43]} a5 {[%clk 00:14:41]} {[%emt 00:00:03]} 37. Kc1 {[%clk
00:00:12]} {[%emt 00:00:22]} Bb4 {[%clk 00:14:38]} {[%emt 00:00:12]} 38. Bd4+
{[%clk 00:00:17]} {[%emt 00:00:06]} Bc5 {[%clk 00:14:47]} {[%emt 00:00:01]} 39.
Bc3 {[%clk 00:00:26]} {[%emt 00:00:01]} a4 {[%clk 00:14:54]} {[%emt 00:00:03]}
40. Kb2 {[%clk 00:00:33]} {[%emt 00:00:03]} a3+ {[%clk 00:15:02]} {[%emt
00:00:02]} 41. Ka2 {[%clk 00:00:36]} {[%emt 00:00:07]} Bc4+ {[%clk 00:15:10]}
{[%emt 00:00:02]} 42. Ka1 {[%clk 00:00:37]} {[%emt 00:00:08]} Bd5 {[%clk
00:15:10]} {[%emt 00:00:11]} 43. f4 {[%clk 00:00:43]} {[%emt 00:00:04]} Kb5
{[%clk 00:14:59]} {[%emt 00:00:21]} 44. h3 {[%clk 00:00:30]} {[%emt 00:00:23]}
Kc4 {[%clk 00:15:01]} {[%emt 00:00:08]} 45. Be5 {[%clk 00:00:29]} {[%emt
00:00:11]} Bd4+ {[%clk 00:15:08]} {[%emt 00:00:02]} 46. Bxd4 {[%clk 00:00:27]}
{[%emt 00:00:12]} Kxd4 {[%clk 00:15:16]} {[%emt 00:00:01]} 47. Bf5 {[%clk
00:00:16]} {[%emt 00:00:22]} 0-1

[Event "British Rapidplay Championship 2023"]
[Site "Mercure Bradford, Bankfield Hotel"]
[Date "2023.04.15"]
[Round "6.3"]
[White "Pink, Joshua"]
[Black "Fava, Lorenzo"]
[Result "0-1"]
[TimeControl "All moves in 15 minutes plus 10 second increment per move from move 1"]
[WhiteElo "1988"]
[BlackElo "1875"]

1. e4 {[%clk 00:15:11]} {[%emt 00:00:08]} g6 {[%clk 00:15:20]} {[%emt
00:00:02]} 2. h4 {[%clk 00:15:09]} {[%emt 00:00:11]} Bg7 {[%clk 00:14:49]}
{[%emt 00:00:41]} 3. h5 {[%clk 00:15:17]} {[%emt 00:00:02]} c5 {[%clk
00:14:45]} {[%emt 00:00:15]} 4. Bc4 {[%clk 00:15:17]} {[%emt 00:00:09]} Nc6
{[%clk 00:14:35]} {[%emt 00:00:20]} 5. Nf3 {[%clk 00:15:13]} {[%emt 00:00:14]}
e6 {[%clk 00:14:09]} {[%emt 00:00:36]} 6. d3 {[%clk 00:15:21]} {[%emt
00:00:02]} d5 {[%clk 00:13:41]} {[%emt 00:00:39]} 7. exd5 {[%clk 00:15:17]}
{[%emt 00:00:14]} exd5 {[%clk 00:13:50]} {[%emt 00:00:02]} 8. Bb3 {[%clk
00:15:15]} {[%emt 00:00:11]} Bg4 {[%clk 00:12:33]} {[%emt 00:01:26]} 9. Nc3
{[%clk 00:15:00]} {[%emt 00:00:26]} Qe7+ {[%clk 00:10:38]} {[%emt 00:02:05]} 10.
Kf1 {[%clk 00:15:08]} {[%emt 00:00:02]} Bxc3 {[%clk 00:09:56]} {[%emt
00:00:52]} 11. bxc3 {[%clk 00:15:16]} {[%emt 00:00:02]} O-O-O {[%clk 00:09:48]}
{[%emt 00:00:18]} 12. Bg5 {[%clk 00:14:07]} {[%emt 00:01:18]} f6 {[%clk
00:09:47]} {[%emt 00:00:11]} 13. Bf4 {[%clk 00:14:16]} Bxh5 {[%clk 00:09:37]}
{[%emt 00:00:20]} 14. Rh3 {[%clk 00:13:20]} {[%emt 00:01:05]} Bg4 {[%clk
00:09:05]} {[%emt 00:00:44]} 15. Rg3 {[%clk 00:13:10]} {[%emt 00:00:19]} h5
{[%clk 00:09:03]} {[%emt 00:00:13]} 16. Qd2 {[%clk 00:13:19]} Qd7 {[%clk
00:08:48]} {[%emt 00:00:25]} 17. Nh2 {[%clk 00:12:39]} {[%emt 00:00:48]} g5
{[%clk 00:08:08]} {[%emt 00:00:51]} 18. Be3 {[%clk 00:10:29]} {[%emt 00:02:20]}
d4 {[%clk 00:08:17]} {[%emt 00:00:02]} 19. cxd4 {[%clk 00:10:06]} {[%emt
00:00:32]} cxd4 {[%clk 00:08:26]} {[%emt 00:00:01]} 20. Bxg5 {[%clk 00:10:12]}
{[%emt 00:00:04]} fxg5 {[%clk 00:08:35]} {[%emt 00:00:01]} 21. Qxg5 {[%clk
00:10:21]} {[%emt 00:00:02]} Nh6 {[%clk 00:07:21]} {[%emt 00:01:23]} 22. Re1
{[%clk 00:09:57]} {[%emt 00:00:34]} Rde8 {[%clk 00:05:12]} {[%emt 00:02:20]} 23.
Rxe8+ {[%clk 00:09:04]} {[%emt 00:01:02]} Qxe8 {[%clk 00:05:22]} 24. Qf6 {[%clk
00:08:06]} {[%emt 00:01:07]} Rf8 {[%clk 00:03:56]} {[%emt 00:01:36]} 25. Be6+
{[%clk 00:07:31]} {[%emt 00:00:46]} Bxe6 {[%clk 00:03:15]} {[%emt 00:00:51]} 26.
Qxh6 {[%clk 00:07:37]} {[%emt 00:00:03]} Bxa2 {[%clk 00:02:40]} {[%emt
00:00:46]} 27. Nf3 {[%clk 00:07:24]} {[%emt 00:00:23]} Bd5 {[%clk 00:02:45]}
{[%emt 00:00:05]} 28. Ng5 {[%clk 00:07:02]} {[%emt 00:00:30]} Ne5 {[%clk
00:02:30]} {[%emt 00:00:26]} 29. Qd6 {[%clk 00:06:53]} {[%emt 00:00:18]} Ng4
{[%clk 00:00:46]} {[%emt 00:01:55]} 30. Rxg4 {[%clk 00:05:38]} {[%emt
00:01:25]} hxg4 {[%clk 00:00:55]} {[%emt 00:00:02]} 31. Qxd5 {[%clk 00:05:46]}
{[%emt 00:00:02]} Qe7 {[%clk 00:00:34]} {[%emt 00:00:31]} 32. Ne4 {[%clk
00:05:40]} {[%emt 00:00:15]} Rd8 {[%clk 00:00:42]} {[%emt 00:00:02]} 33. Qf5+
{[%clk 00:05:46]} {[%emt 00:00:03]} Qd7 {[%clk 00:00:51]} {[%emt 00:00:02]} 34.
Qe5 {[%clk 00:05:25]} {[%emt 00:00:31]} Qd5 {[%clk 00:00:43]} {[%emt 00:00:18]}
35. Qg7 {[%clk 00:05:21]} {[%emt 00:00:15]} a5 {[%clk 00:00:34]} {[%emt
00:00:19]} 36. Qxg4+ {[%clk 00:05:24]} {[%emt 00:00:06]} Kb8 {[%clk 00:00:43]}
{[%emt 00:00:02]} 37. Qf4+ {[%clk 00:05:24]} {[%emt 00:00:09]} Ka7 {[%clk
00:00:46]} {[%emt 00:00:07]} 38. Qc7 {[%clk 00:05:28]} {[%emt 00:00:06]} Rd7
{[%clk 00:00:43]} {[%emt 00:00:14]} 39. Qc8 {[%clk 00:05:18]} {[%emt 00:00:19]}
Qc6 {[%clk 00:00:32]} {[%emt 00:00:21]} 40. Qh8 {[%clk 00:05:19]} {[%emt
00:00:08]} Qxc2 {[%clk 00:00:29]} {[%emt 00:00:14]} 41. Nf6 {[%clk 00:04:45]}
{[%emt 00:00:44]} Qd1# {[%clk 00:00:38]} {[%emt 00:00:02]} 0-1

[Event "British Rapidplay Championship 2023"]
[Site "Mercure Bradford, Bankfield Hotel"]
[Date "2023.04.15"]
[Round "6.4"]
[White "Mokhber-Garcia, Sebastian"]
[Black "Jackson, Sheila"]
[Result "1/2-1/2"]
[TimeControl "All moves in 15 minutes plus 10 second increment per move from move 1"]
[WhiteElo "1592"]
[BlackElo "2055"]

1. e4 {[%clk 00:15:19]} e5 {[%clk 00:15:17]} {[%emt 00:00:04]} 2. Nf3 {[%clk
00:15:27]} {[%emt 00:00:02]} Nc6 {[%clk 00:15:26]} {[%emt 00:00:01]} 3. Bc4
{[%clk 00:15:35]} {[%emt 00:00:02]} Nf6 {[%clk 00:15:34]} {[%emt 00:00:02]} 4.
d3 {[%clk 00:15:43]} {[%emt 00:00:03]} Be7 {[%clk 00:15:27]} {[%emt 00:00:16]}
5. c3 {[%clk 00:15:40]} {[%emt 00:00:13]} h6 {[%clk 00:15:31]} {[%emt
00:00:06]} 6. Nbd2 {[%clk 00:15:47]} {[%emt 00:00:03]} d6 {[%clk 00:15:29]}
{[%emt 00:00:11]} 7. O-O {[%clk 00:15:49]} {[%emt 00:00:08]} O-O {[%clk
00:15:37]} {[%emt 00:00:02]} 8. Re1 {[%clk 00:15:57]} {[%emt 00:00:02]} Be6
{[%clk 00:15:15]} {[%emt 00:00:32]} 9. d4 {[%clk 00:15:47]} {[%emt 00:00:20]}
Bxc4 {[%clk 00:14:47]} {[%emt 00:00:39]} 10. Nxc4 {[%clk 00:15:54]} {[%emt
00:00:02]} exd4 {[%clk 00:14:35]} {[%emt 00:00:23]} 11. cxd4 {[%clk 00:15:47]}
{[%emt 00:00:17]} d5 {[%clk 00:14:40]} {[%emt 00:00:05]} 12. exd5 {[%clk
00:15:38]} {[%emt 00:00:18]} Qxd5 {[%clk 00:13:33]} {[%emt 00:01:17]} 13. Ne3
{[%clk 00:15:42]} {[%emt 00:00:06]} Qh5 {[%clk 00:13:07]} {[%emt 00:00:37]} 14.
Ne5 {[%clk 00:15:27]} {[%emt 00:00:25]} Qxd1 {[%clk 00:11:58]} {[%emt
00:01:19]} 15. Rxd1 {[%clk 00:15:33]} {[%emt 00:00:04]} Nb4 {[%clk 00:11:42]}
{[%emt 00:00:26]} 16. a3 {[%clk 00:15:36]} {[%emt 00:00:07]} Nbd5 {[%clk
00:11:40]} {[%emt 00:00:11]} 17. Bd2 {[%clk 00:15:32]} {[%emt 00:00:14]} Rfd8
{[%clk 00:11:29]} {[%emt 00:00:22]} 18. Rac1 {[%clk 00:15:33]} {[%emt
00:00:09]} c6 {[%clk 00:11:31]} {[%emt 00:00:07]} 19. N3c4 {[%clk 00:15:04]}
{[%emt 00:00:39]} Ne4 {[%clk 00:10:58]} {[%emt 00:00:43]} 20. Be3 {[%clk
00:14:42]} {[%emt 00:00:33]} f5 {[%clk 00:10:06]} {[%emt 00:01:02]} 21. g3
{[%clk 00:14:03]} {[%emt 00:00:49]} Bf6 {[%clk 00:09:38]} {[%emt 00:00:39]} 22.
f3 {[%clk 00:13:36]} {[%emt 00:00:36]} Nxe3 {[%clk 00:08:33]} {[%emt 00:01:15]}
23. Nxe3 {[%clk 00:13:35]} {[%emt 00:00:10]} Nd6 {[%clk 00:08:30]} {[%emt
00:00:14]} 24. f4 {[%clk 00:13:25]} {[%emt 00:00:20]} Rac8 {[%clk 00:07:05]}
{[%emt 00:01:35]} 25. d5 {[%clk 00:13:20]} {[%emt 00:00:15]} c5 {[%clk
00:05:35]} {[%emt 00:01:40]} 26. b4 {[%clk 00:12:54]} {[%emt 00:00:35]} cxb4
{[%clk 00:05:25]} {[%emt 00:00:21]} 27. axb4 {[%clk 00:12:56]} {[%emt
00:00:08]} a6 {[%clk 00:04:56]} {[%emt 00:00:39]} 28. Rc5 {[%clk 00:12:42]}
{[%emt 00:00:23]} Re8 {[%clk 00:00:50]} {[%emt 00:04:17]} 29. Rdc1 {[%clk
00:11:26]} {[%emt 00:01:26]} Rcd8 {[%clk 00:00:59]} 1/2-1/2

[Event "British Rapidplay Championship 2023"]
[Site "Mercure Bradford, Bankfield Hotel"]
[Date "2023.04.15"]
[Round "6.5"]
[White "Mosnegutu, Klauss"]
[Black "Nicholson, Jim WR"]
[Result "1-0"]
[TimeControl "All moves in 15 minutes plus 10 second increment per move from move 1"]
[WhiteElo "2229"]
[BlackElo "1958"]

1. d4 {[%clk 00:15:17]} {[%emt 00:00:02]} d5 {[%clk 00:15:19]} {[%emt
00:00:02]} 2. c4 {[%clk 00:15:26]} {[%emt 00:00:02]} c6 {[%clk 00:15:28]}
{[%emt 00:00:01]} 3. Nc3 {[%clk 00:15:34]} {[%emt 00:00:01]} Nf6 {[%clk
00:15:36]} {[%emt 00:00:02]} 4. Bg5 {[%clk 00:15:42]} {[%emt 00:00:02]} a6
{[%clk 00:15:37]} {[%emt 00:00:09]} 5. Bxf6 {[%clk 00:15:46]} {[%emt 00:00:06]}
gxf6 {[%clk 00:15:37]} {[%emt 00:00:10]} 6. cxd5 {[%clk 00:15:49]} {[%emt
00:00:07]} cxd5 {[%clk 00:15:44]} {[%emt 00:00:03]} 7. e3 {[%clk 00:15:55]}
{[%emt 00:00:04]} Nc6 {[%clk 00:15:49]} {[%emt 00:00:05]} 8. Bd3 {[%clk
00:15:58]} {[%emt 00:00:07]} h5 {[%clk 00:15:15]} {[%emt 00:00:44]} 9. h4
{[%clk 00:15:54]} {[%emt 00:00:14]} e6 {[%clk 00:14:43]} {[%emt 00:00:42]} 10.
Be2 {[%clk 00:15:52]} {[%emt 00:00:12]} f5 {[%clk 00:14:35]} {[%emt 00:00:18]}
11. g3 {[%clk 00:15:53]} {[%emt 00:00:09]} Bb4 {[%clk 00:14:17]} {[%emt
00:00:28]} 12. Rc1 {[%clk 00:15:47]} {[%emt 00:00:17]} Bd7 {[%clk 00:13:58]}
{[%emt 00:00:28]} 13. Bxh5 {[%clk 00:15:48]} {[%emt 00:00:09]} Qa5 {[%clk
00:13:46]} {[%emt 00:00:22]} 14. a3 {[%clk 00:15:56]} {[%emt 00:00:02]} Bd6
{[%clk 00:13:43]} {[%emt 00:00:13]} 15. Bf3 {[%clk 00:15:55]} {[%emt 00:00:11]}
O-O-O {[%clk 00:13:25]} {[%emt 00:00:28]} 16. Nge2 {[%clk 00:15:55]} {[%emt
00:00:10]} Kb8 {[%clk 00:13:32]} {[%emt 00:00:04]} 17. Ra1 {[%clk 00:15:20]}
{[%emt 00:00:44]} Qc7 {[%clk 00:13:28]} {[%emt 00:00:14]} 18. b4 {[%clk
00:15:27]} {[%emt 00:00:03]} Ne7 {[%clk 00:13:29]} {[%emt 00:00:09]} 19. Rc1
{[%clk 00:15:20]} {[%emt 00:00:17]} Qb6 {[%clk 00:13:31]} {[%emt 00:00:08]} 20.
Na4 {[%clk 00:15:16]} {[%emt 00:00:14]} Bxa4 {[%clk 00:13:36]} {[%emt
00:00:06]} 21. Qxa4 {[%clk 00:15:24]} {[%emt 00:00:01]} Ng8 {[%clk 00:13:30]}
{[%emt 00:00:17]} 22. Qb3 {[%clk 00:14:25]} {[%emt 00:01:08]} Nf6 {[%clk
00:13:24]} {[%emt 00:00:15]} 23. Nc3 {[%clk 00:14:30]} {[%emt 00:00:07]} Ne4
{[%clk 00:13:22]} {[%emt 00:00:11]} 24. Bxe4 {[%clk 00:14:36]} {[%emt
00:00:04]} fxe4 {[%clk 00:13:28]} {[%emt 00:00:04]} 25. Na4 {[%clk 00:14:11]}
{[%emt 00:00:35]} Qb5 {[%clk 00:13:24]} {[%emt 00:00:12]} 26. Nc5 {[%clk
00:14:17]} {[%emt 00:00:06]} a5 {[%clk 00:13:00]} {[%emt 00:00:35]} 27. bxa5
{[%clk 00:10:18]} {[%emt 00:04:09]} Qxb3 {[%clk 00:12:41]} {[%emt 00:00:28]} 28.
Nxb3 {[%clk 00:10:26]} {[%emt 00:00:02]} Bxa3 {[%clk 00:12:49]} {[%emt
00:00:02]} 29. Rb1 {[%clk 00:10:04]} {[%emt 00:00:32]} Bb4+ {[%clk 00:12:37]}
{[%emt 00:00:20]} 30. Ke2 {[%clk 00:10:09]} {[%emt 00:00:07]} Rc8 {[%clk
00:12:26]} {[%emt 00:00:19]} 31. Rhc1 {[%clk 00:10:07]} {[%emt 00:00:14]} Rc4
{[%clk 00:11:11]} {[%emt 00:01:26]} 32. Rxc4 {[%clk 00:09:56]} {[%emt
00:00:21]} dxc4 {[%clk 00:11:19]} 33. Nd2 {[%clk 00:10:05]} {[%emt 00:00:01]}
Bxa5 {[%clk 00:11:18]} {[%emt 00:00:11]} 34. Nxc4 {[%clk 00:09:29]} {[%emt
00:00:46]} Bc7 {[%clk 00:11:24]} {[%emt 00:00:03]} 35. Rb5 {[%clk 00:09:00]}
{[%emt 00:00:40]} Ka7 {[%clk 00:10:47]} {[%emt 00:00:47]} 36. Rb2 {[%clk
00:06:45]} {[%emt 00:02:25]} Rh5 {[%clk 00:10:26]} {[%emt 00:00:31]} 37. Nd2
{[%clk 00:06:30]} {[%emt 00:00:25]} f5 {[%clk 00:10:32]} {[%emt 00:00:03]} 38.
Rb5 {[%clk 00:05:55]} {[%emt 00:00:46]} Rh6 {[%clk 00:10:12]} {[%emt 00:00:29]}
39. Rc5 {[%clk 00:05:47]} {[%emt 00:00:19]} Bd6 {[%clk 00:09:37]} {[%emt
00:00:45]} 40. Ra5+ {[%clk 00:05:41]} {[%emt 00:00:16]} Kb8 {[%clk 00:09:35]}
{[%emt 00:00:12]} 41. Nc4 {[%clk 00:05:50]} {[%emt 00:00:01]} Bc7 {[%clk
00:09:38]} {[%emt 00:00:05]} 42. Rb5 {[%clk 00:05:51]} {[%emt 00:00:11]} Ka7
{[%clk 00:09:37]} {[%emt 00:00:11]} 43. Kd2 {[%clk 00:05:48]} {[%emt 00:00:13]}
Ka6 {[%clk 00:09:25]} {[%emt 00:00:22]} 44. Rc5 {[%clk 00:05:56]} {[%emt
00:00:02]} Bd8 {[%clk 00:09:18]} {[%emt 00:00:17]} 45. Rc8 {[%clk 00:06:02]}
{[%emt 00:00:04]} Be7 {[%clk 00:09:12]} {[%emt 00:00:16]} 46. Ra8+ {[%clk
00:05:12]} {[%emt 00:01:00]} Kb5 {[%clk 00:09:21]} {[%emt 00:00:01]} 47. Kc3
{[%clk 00:05:00]} {[%emt 00:00:21]} Rh7 {[%clk 00:09:06]} {[%emt 00:00:26]} 48.
Ra5+ {[%clk 00:04:25]} {[%emt 00:00:45]} Kc6 {[%clk 00:09:14]} {[%emt
00:00:02]} 49. Re5 {[%clk 00:04:19]} {[%emt 00:00:16]} b5 {[%clk 00:08:56]}
{[%emt 00:00:29]} 50. Na5+ {[%clk 00:04:08]} {[%emt 00:00:20]} Kb6 {[%clk
00:08:42]} {[%emt 00:00:24]} 51. Nb3 {[%clk 00:04:16]} {[%emt 00:00:02]} b4+
{[%clk 00:07:29]} {[%emt 00:01:22]} 52. Kc4 {[%clk 00:04:23]} {[%emt 00:00:04]}
1-0

[Event "British Rapidplay Championship 2023"]
[Site "Mercure Bradford, Bankfield Hotel"]
[Date "2023.04.15"]
[Round "6.7"]
[White "Raynes, Paul"]
[Black "Bramson, Mike"]
[Result "1/2-1/2"]
[TimeControl "All moves in 15 minutes plus 10 second increment per move from move 1"]
[WhiteElo "2077"]
[BlackElo "1950"]

1. d4 {[%clk 00:15:18]} Nf6 {[%clk 00:15:18]} {[%emt 00:00:03]} 2. Bf4 {[%clk
00:15:26]} {[%emt 00:00:02]} c6 {[%clk 00:15:21]} {[%emt 00:00:07]} 3. e3
{[%clk 00:15:04]} {[%emt 00:00:31]} Qb6 {[%clk 00:15:27]} {[%emt 00:00:05]} 4.
Qc1 {[%clk 00:13:36]} {[%emt 00:01:38]} Nh5 {[%clk 00:15:20]} {[%emt 00:00:17]}
5. Bg3 {[%clk 00:13:32]} {[%emt 00:00:14]} Nxg3 {[%clk 00:15:26]} {[%emt
00:00:04]} 6. hxg3 {[%clk 00:13:41]} g6 {[%clk 00:15:34]} {[%emt 00:00:02]} 7.
Bd3 {[%clk 00:13:22]} {[%emt 00:00:30]} Bg7 {[%clk 00:15:36]} {[%emt 00:00:07]}
8. Ne2 {[%clk 00:13:13]} {[%emt 00:00:19]} d5 {[%clk 00:15:32]} {[%emt
00:00:14]} 9. O-O {[%clk 00:13:00]} {[%emt 00:00:23]} O-O {[%clk 00:15:30]}
{[%emt 00:00:10]} 10. c4 {[%clk 00:12:58]} {[%emt 00:00:14]} e6 {[%clk
00:15:20]} {[%emt 00:00:21]} 11. Nbc3 {[%clk 00:12:59]} {[%emt 00:00:09]} Nd7
{[%clk 00:15:22]} {[%emt 00:00:07]} 12. a3 {[%clk 00:12:51]} {[%emt 00:00:18]}
dxc4 {[%clk 00:15:20]} {[%emt 00:00:12]} 13. Bxc4 {[%clk 00:13:00]} {[%emt
00:00:02]} e5 {[%clk 00:15:27]} {[%emt 00:00:03]} 14. Rd1 {[%clk 00:12:22]}
{[%emt 00:00:47]} exd4 {[%clk 00:15:27]} {[%emt 00:00:10]} 15. Nxd4 {[%clk
00:12:19]} {[%emt 00:00:13]} Ne5 {[%clk 00:15:27]} {[%emt 00:00:10]} 16. Ba2
{[%clk 00:11:35]} {[%emt 00:00:54]} Ng4 {[%clk 00:14:45]} {[%emt 00:00:52]} 17.
Nf3 {[%clk 00:10:53]} {[%emt 00:00:51]} Qa5 {[%clk 00:14:25]} {[%emt 00:00:31]}
18. Ne4 {[%clk 00:10:17]} {[%emt 00:00:46]} Qb6 {[%clk 00:12:47]} {[%emt
00:01:49]} 19. b4 {[%clk 00:08:47]} {[%emt 00:01:40]} Be6 {[%clk 00:11:54]}
{[%emt 00:01:02]} 20. Nfg5 {[%clk 00:08:23]} {[%emt 00:00:33]} Bxa2 {[%clk
00:11:41]} {[%emt 00:00:24]} 21. Rxa2 {[%clk 00:08:27]} {[%emt 00:00:06]} h6
{[%clk 00:11:31]} {[%emt 00:00:20]} 22. Nf3 {[%clk 00:08:13]} {[%emt 00:00:24]}
a5 {[%clk 00:11:02]} {[%emt 00:00:39]} 23. bxa5 {[%clk 00:06:20]} {[%emt
00:02:02]} Rxa5 {[%emt 00:00:46]} 24. Nd6 {[%clk 00:05:56]} Rd5 {[%clk
00:08:30]} {[%emt 00:02:41]} 25. Rxd5 {[%clk 00:04:51]} {[%emt 00:01:15]} cxd5
{[%clk 00:08:38]} {[%emt 00:00:02]} 26. Nc8 {[%clk 00:04:45]} {[%emt 00:00:16]}
Qe6 {[%clk 00:08:26]} {[%emt 00:00:22]} 27. Rc2 {[%clk 00:04:47]} {[%emt
00:00:07]} Ne5 {[%clk 00:07:00]} {[%emt 00:01:37]} 28. Nd4 {[%clk 00:04:22]}
{[%emt 00:00:35]} Qf6 {[%clk 00:06:35]} {[%emt 00:00:35]} 29. Na7 {[%clk
00:04:06]} {[%emt 00:00:26]} Nc4 {[%clk 00:06:14]} {[%emt 00:00:31]} 30. Nab5
{[%clk 00:04:00]} {[%emt 00:00:16]} Qe7 {[%clk 00:06:14]} {[%emt 00:00:10]} 31.
a4 {[%clk 00:03:59]} {[%emt 00:00:11]} Ra8 {[%clk 00:06:08]} {[%emt 00:00:15]}
32. Ra2 {[%clk 00:03:21]} {[%emt 00:00:49]} Qb4 {[%clk 00:06:02]} {[%emt
00:00:16]} 33. Qd1 {[%emt 00:02:46]} Re8 {[%clk 00:04:10]} 34. Kh2 {[%clk
00:02:35]} {[%emt 00:00:22]} h5 {[%clk 00:03:53]} {[%emt 00:00:27]} 35. Nf3
{[%clk 00:02:27]} {[%emt 00:00:18]} Nb6 {[%clk 00:01:56]} {[%emt 00:02:07]} 36.
Nc7 {[%clk 00:02:14]} {[%emt 00:00:23]} Rd8 {[%clk 00:01:53]} {[%emt 00:00:14]}
37. a5 {[%clk 00:02:12]} {[%emt 00:00:12]} Na8 {[%clk 00:01:21]} {[%emt
00:00:42]} 38. Nxa8 {[%clk 00:02:05]} {[%emt 00:00:17]} Rxa8 {[%clk 00:01:29]}
39. Qxd5 {[%clk 00:02:11]} {[%emt 00:00:04]} Rf8 {[%clk 00:01:22]} {[%emt
00:00:17]} 40. Ng5 {[%clk 00:01:59]} {[%emt 00:00:22]} h4 {[%clk 00:01:12]}
{[%emt 00:00:20]} 41. Qe4 {[%clk 00:01:36]} {[%emt 00:00:33]} hxg3+ {[%clk
00:01:14]} {[%emt 00:00:07]} 42. Kxg3 {[%clk 00:01:45]} {[%emt 00:00:02]} Qd6+
{[%clk 00:01:19]} {[%emt 00:00:06]} 43. f4 {[%clk 00:01:41]} {[%emt 00:00:13]}
Qc7 {[%clk 00:00:48]} {[%emt 00:00:41]} 44. Qd5 {[%clk 00:01:25]} {[%emt
00:00:26]} Rd8 {[%clk 00:00:51]} {[%emt 00:00:08]} 45. Qb3 {[%clk 00:01:27]}
{[%emt 00:00:07]} Bf6 {[%clk 00:00:51]} {[%emt 00:00:10]} 46. Ne4 {[%clk
00:01:24]} {[%emt 00:00:13]} Bg7 {[%clk 00:00:58]} {[%emt 00:00:03]} 47. Ng5
{[%clk 00:01:30]} {[%emt 00:00:05]} Bf6 {[%clk 00:01:03]} {[%emt 00:00:05]} 48.
Ne4 {[%clk 00:01:30]} {[%emt 00:00:09]} Bg7 {[%clk 00:01:12]} {[%emt 00:00:02]}
1/2-1/2